| 000 -LEADER |
| fixed length control field |
01040nam a22002297a 4500 |
| 005 - DATE AND TIME OF LATEST TRANSACTION |
| control field |
20230210090743.0 |
| 008 - FIXED-LENGTH DATA ELEMENTS--GENERAL INFORMATION |
| fixed length control field |
230210b ||||| |||| 00| 0 eng d |
| 020 ## - INTERNATIONAL STANDARD BOOK NUMBER |
| International Standard Book Number |
9789620446269 |
| 040 ## - CATALOGING SOURCE |
| Transcribing agency |
KH8 |
| 082 ## - DEWEY DECIMAL CLASSIFICATION NUMBER |
| Classification number |
495.1 SU |
| 100 ## - MAIN ENTRY--PERSONAL NAME |
| Personal name |
Su, Yuan |
| Relator term |
author |
| 245 ## - TITLE STATEMENT |
| Title |
A Level 9715 Paper 3 and Paper 4 Revision Book (Simplified Character Version)/ |
| Statement of responsibility, etc. |
Su Yuan, Liu Xu, Zhao Jiawei |
| 246 ## - VARYING FORM OF TITLE |
| Title proper/short title |
A Level 9715 卷三与卷四复习指导(简体版) |
| 260 ## - PUBLICATION, DISTRIBUTION, ETC. |
| Place of publication, distribution, etc. |
Hong Kong: |
| Name of publisher, distributor, etc. |
JOINT PUBLISHING, |
| Date of publication, distribution, etc. |
2020. |
| 300 ## - PHYSICAL DESCRIPTION |
| Extent |
198 p. : |
| Other physical details |
b&w ill. ; |
| Dimensions |
24 cm. |
| 500 ## - GENERAL NOTE |
| General note |
This book is based on the A Level 9715 Chinese Examination Syllabus (2020-2022) of the Cambridge Assessment International Education (CAIE), and is designed for teaching and examination guidance for papers 3 (Essay) and paper 4 (Texts), which are more difficult for most learners. |
| 650 ## - SUBJECT ADDED ENTRY--TOPICAL TERM |
| Topical term or geographic name entry element |
Cambridge Assessment International Education (CAIE) |
| 650 ## - SUBJECT ADDED ENTRY--TOPICAL TERM |
| Topical term or geographic name entry element |
Chinese Examination Syllabus |
| 700 ## - ADDED ENTRY--PERSONAL NAME |
| Personal name |
Zhao, Jiawei |
| Relator term |
author |
| 700 ## - ADDED ENTRY--PERSONAL NAME |
| Personal name |
Liu, Xu |
| Relator term |
author |
| 942 ## - ADDED ENTRY ELEMENTS (KOHA) |
| Source of classification or shelving scheme |
|
| Koha item type |
Teaching Resources |